| 000 | 00525nam a22001457a 4500 | ||
|---|---|---|---|
| 003 | OSt | ||
| 005 | 20150913104143.0 | ||
| 008 | 150913b xxu||||| |||| 00| 0 eng d | ||
| 040 | _cRUA | ||
| 082 | _aAGR PEU 1997 B019 Or.1 | ||
| 100 |
_9375 _aPEUNG, TRIDA. |
||
| 245 | _aStudy of all the 20 new clones in krek rubber plantation company ការសិក្សាលើមូលពូជទាំង២០នៅក្រុរមហ៊ុនចំការកៅក្រែក | ||
| 300 |
_a71p. _bill. _c29cm. |
||
| 942 |
_2ddc _cAGR |
||
| 999 |
_c357 _d357 |
||